| 000 | 00808cam a2200241 a 4500 | ||
|---|---|---|---|
| 001 | 000009358 | ||
| 005 | 20200929161551.0 | ||
| 008 | 760313s1987 cu 001 j spa | ||
| 040 |
_aDO-SdBNP _bspa _cLC _dBNPHU |
||
| 082 |
_aA863.44 _bM938t |
||
| 100 | 1 |
_aMoyano, Daniel, _d1930-1992 _924131 |
|
| 245 | 1 | 3 |
_aEl trino del diablo / _cDaniel Moyano ; edición, Magdalena Quijano. |
| 260 |
_aLa Habana, (Cuba) : _bCasa de las Américas, _c1987. |
||
| 300 |
_a120 p. ; _c19 cm. |
||
| 490 | 1 | _aLa Honda Casa de las Américas | |
| 650 | 4 |
_aCuentos argentinos _93752 |
|
| 650 | 4 |
_aCiudades y pueblos _xCuentos _924132 |
|
| 650 | 4 |
_aLiteratura argentina _93860 |
|
| 700 | 1 |
_aQuijano, Magdalena, _eed. _919256 |
|
| 830 | 0 |
_aLa Honda Casa de las Américas. _924133 |
|
| 910 | _aCatalogación derivada | ||
| 049 | _aBNGR | ||
| 999 |
_c9118 _d9118 |
||